Statystyki dla Czy znasz 10 klubów z największą wartością łączną piłkarzy?

Kliknij tutaj aby rozwiązać quiz!

Ogólne statystyki

  • Ten quiz został rozwiązany 484 razy
  • Średni wynik to 8 z 10

Statystyki odpowiedzi

Miejsce i cenaKlub% Poprawnych
3. 888,50 mln €Real Madryt
97%
4. 852,65 mln €FC Barcelona
94%
1. 1,02 mld €Manchester City
92%
6. 756,58 mln €Bayern Monachium
88%
2. 970,15 mln €Liverpool
87%
10. 647,70 mln €Juventus
84%
9. 679,90 mln €Chelsea
81%
7. 709,00 mln €Atletico Madryt
66%
5. 843,65 mln €Paris Saint Germain
64%
8. 699,00 mln €Tottenham
63%

Rozkład punktacji

Percentyl według liczby udzielonych odpowiedzi

Procent ludzi z każdym wynikiem

Twoja historia wyników

Nie rozwiązałeś tego quizu